Maxims and reflections /

Bibliographic Details
Main Author: Churchill, Winston, 1874-1965
Other Authors: Coote, Colin Reith, 1893-
Format: Book
Language:English
Published: Boston : Houghton, Mifflin, 1949.

MARC

Tag First Indicator Second Indicator Subfields
LEADER 00000cam a2200000 4500
001 in00000303339
005 20151010150238.0
008 730724s1949 mau 00000 eng d
010 |a  49008002  
035 |a (OCoLC)00661363 
035 |9 ABH8341AM 
040 |c CDC  |d OCL  |d TXA  |d UtOrBLW 
049 |a TXAM  |c [164637] 
050 0 0 |a DA566.9.C5  |b A28 1949 
082 0 |a 923.242 
100 1 |a Churchill, Winston,  |d 1874-1965. 
245 1 0 |a Maxims and reflections /  |c selected by Colin Coote and Denzil Batchelor; with an introd. by Colin Coote. 
264 1 |a Boston :  |b Houghton, Mifflin,  |c 1949. 
300 |a 176 pages ;  |c 21 cm. 
336 |a text  |b txt  |2 rdacontent 
337 |a unmediated  |b n  |2 rdamedia 
338 |a volume  |b nc  |2 rdacarrier 
500 |a Errata slip inserted. 
700 1 |a Coote, Colin Reith,  |d 1893- 
999 |a MARS 
999 f f |s fe926910-8e30-3f8b-9d97-e4fc95032d38  |i 3404a383-60f3-3ecd-b2d7-824615d1818d  |t 0 
952 f f |p normal  |a Texas A&M University  |b College Station  |c Sterling C. Evans Library  |d Evans: Library Stacks  |t 0  |e DA566.9.C5 A28 1949  |h Library of Congress classification  |i unmediated -- volume  |m A14801934835 
998 f f |a DA566.9.C5 A28 1949  |t 0  |l Evans: Library Stacks